[Event "11th BCC Thailand Open"]
[Site "Pattaya THA"]
[Date "2011.04.11"]
[Round "1.28"]
[White "Aung AungaAung Myo Hlaing"]
[Black "Png, Ren Chi"]
[Result "1-0"]
[WhiteTitle "IM"]
[WhiteElo "2324"]
[BlackElo "1960"]
[WhiteFideId "13000101"]
[BlackFideId "5704189"]
[EventDate "2011.04.11"]

1. g3 d5 2. Bg2 Nf6 3. d3 Bf5 4. c4 c6 5. Qb3 Qc7 6. cxd5 cxd5 7. Nc3 e6 8. Bf4
Qd7 9. e4 dxe4 10. dxe4 Qc6 11. Nge2 Bc5 12. O-O Bxe4 13. Nxe4 Nxe4 14. Rac1 Nd7
15. Qd3 Nxf2 16. Rxf2 Bxf2+ 17. Kxf2 Qb6+ 18. Be3 Ne5 19. Qe4 Qb5 20. Kf1 Nc6
21. a4 Qh5 22. Rxc6 bxc6 23. Qxc6+ Ke7 24. Bc5+ Kf6 25. Bd4+ Kg5 26. h4+ Kh6 27.
Be3+ g5 28. hxg5+ 1-0

[Event "11th BCC Thailand Open"]
[Site "Pattaya THA"]
[Date "2011.04.11"]
[Round "1.29"]
[White "Chutubtim, Prayudh"]
[Black "Mohota, Nisha"]
[Result "0-1"]
[BlackTitle "IM"]
[WhiteElo "1956"]
[BlackElo "2324"]
[WhiteFideId "6200923"]
[BlackFideId "5004330"]
[EventDate "2011.04.11"]

1. d4 d5 2. c4 e6 3. Nc3 Bb4 4. Qb3 Nc6 5. e3 Nf6 6. a3 Bd6 7. cxd5 exd5 8. Bd3
O-O 9. Nge2 Re8 10. h3 a6 11. Bd2 Be6 12. Qc2 Ne7 13. O-O Qd7 14. e4 dxe4 15.
Nxe4 Nxe4 16. Bxe4 Bf5 17. Nc3 c6 18. Rad1 Bc7 19. Ne2 Qd5 20. Bxf5 Nxf5 21. Qd3
Qe4 22. Qxe4 Rxe4 23. Rfe1 Nxd4 24. Nxd4 Rxd4 25. Be3 Rxd1 26. Rxd1 Rd8 27.
Rxd8+ Bxd8 28. a4 Kf8 29. Kf1 Ke7 30. Ke2 Kd6 31. Kd3 Kd5 32. b3 c5 33. f3 b5
34. axb5 axb5 35. g4 Bf6 36. f4 c4+ 37. bxc4+ bxc4+ 38. Kc2 Ke4 39. Bc1 Kf3 40.
f5 Be5 41. Bb2 Bxb2 42. Kxb2 Kg3 0-1

[Event "11th BCC Thailand Open"]
[Site "Pattaya THA"]
[Date "2011.04.11"]
[Round "1.41"]
[White "Au, Hubert David"]
[Black "Neubronner, Jarred"]
[Result "0-1"]
[BlackTitle "CM"]
[WhiteElo "1891"]
[BlackElo "2262"]
[WhiteFideId "6000258"]
[BlackFideId "5801834"]
[EventDate "2011.04.11"]

1. e4 c5 2. Nf3 e6 3. d4 cxd4 4. Nxd4 a6 5. Nc3 Qc7 6. Bd3 Nc6 7. Nxc6 dxc6 8.
O-O Nf6 9. Be3 b5 10. f4 e5 11. f5 Bb7 12. Bg5 h5 13. Bxf6 gxf6 14. Qf3 Bc5+ 15.
Kh1 Ke7 16. Rad1 h4 17. Rd2 Rag8 18. Nd1 Qa5 19. c3 Qxa2 20. Nf2 b4 21. Qd1 Rd8
22. Bb1 Qa5 23. Rxd8 Rxd8 24. Qc1 bxc3 25. bxc3 Bxf2 26. Rxf2 Qxc3 27. Rc2 Qd3 0-1

[Event "11th BCC Thailand Open"]
[Site "Pattaya THA"]
[Date "2011.04.11"]
[Round "1.42"]
[White "Saeheng, Boonsueb"]
[Black "Nakvanich, Sahapol"]
[Result "1/2-1/2"]
[WhiteTitle "FM"]
[WhiteElo "2253"]
[BlackElo "1884"]
[WhiteFideId "6200184"]
[BlackFideId "6200478"]
[EventDate "2011.04.11"]

1. d4 d5 2. c4 c6 3. Nf3 Nf6 4. e3 Bf5 5. Nc3 e6 6. Be2 Nbd7 7. O-O h6 8. a3 Be7
9. b4 dxc4 10. Bxc4 Nb6 11. Bd3 Bxd3 12. Qxd3 Nbd5 13. Ne2 O-O 14. Bd2 b5 15.
Rfc1 Rc8 16. Ne5 Qd6 17. e4 Nb6 18. Bf4 Nh5 19. Be3 g5 20. Qc3 Kh7 21. Nxc6 f5
22. d5 fxe4 23. Bxb6 axb6 24. Qh3 Nf4 25. Nxf4 Qxf4 26. Qxe6 Bd6 27. Qd7+ Kh8
28. Qh3 Qxf2+ 29. Kh1 Qf6 30. Rg1 Rce8 31. Rae1 Kg7 32. Qg4 Qf4 33. Qxf4 gxf4
34. Nd4 Kf6 35. Re2 Ke5 36. Nxb5 1/2-1/2

[Event "11th BCC Thailand Open"]
[Site "Pattaya THA"]
[Date "2011.04.11"]
[Round "1.47"]
[White "Thanarotrung, Ratchaphon"]
[Black "Lim, Hoon Cheng"]
[Result "0-1"]
[BlackTitle "FM"]
[WhiteElo "1853"]
[BlackElo "2209"]
[WhiteFideId "6201059"]
[BlackFideId "5800102"]
[EventDate "2011.04.11"]

1. c4 f5 2. Nf3 Nf6 3. Nc3 g6 4. g3 Bg7 5. Bg2 O-O 6. O-O d6 7. d4 c6 8. Bf4 Nh5
9. Bg5 h6 10. Bd2 e5 11. dxe5 dxe5 12. Qc2 g5 13. Rad1 Qe8 14. e4 f4 15. Ne2 g4
16. Bb4 gxf3 17. Bxf3 Rf6 18. g4 Rg6 19. h3 Nf6 20. Rd3 h5 21. Rfd1 Nbd7 0-1

[Event "11th BCC Thailand Open"]
[Site "Pattaya THA"]
[Date "2011.04.11"]
[Round "1.53"]
[White "Tachaplalert, Suvich"]
[Black "Mariano, Nelson III"]
[Result "0-1"]
[WhiteElo "1792"]
[BlackElo "2197"]
[WhiteFideId "6201652"]
[BlackFideId "5201748"]
[EventDate "2011.04.11"]

1. d4 Nf6 2. c4 g6 3. Nc3 Bg7 4. e4 d6 5. Nf3 O-O 6. h3 e5 7. d5 Nbd7 8. Be3 Kh8
9. b4 Nh5 10. Nh2 a5 11. a3 axb4 12. axb4 Rxa1 13. Qxa1 f5 14. f3 Ng3 15. Rg1
fxe4 16. fxe4 Nf6 17. Qb1 Nfh5 18. Nf3 Bxh3 19. Kd2 Bg4 20. Be2 Nxe2 21. Nxe2
Bxf3 22. gxf3 Rxf3 23. Qc1 Rxe3 0-1

[Event "11th BCC Thailand Open"]
[Site "Pattaya THA"]
[Date "2011.04.11"]
[Round "1.63"]
[White "Czarnach, Anton"]
[Black "Tuorila, Kai"]
[Result "0-1"]
[WhiteElo "1572"]
[BlackElo "2125"]
[WhiteFideId "24656275"]
[BlackFideId "6200214"]
[EventDate "2011.04.11"]

1. d4 g6 2. Nf3 Bg7 3. Bf4 d6 4. e3 Bg4 5. h3 Bxf3 6. Qxf3 c6 7. Nc3 Nd7 8. Bc4
Ngf6 9. O-O-O b5 10. Bd3 a5 11. Qxc6 b4 12. Ne4 O-O 13. Nxf6+ Nxf6 14. Bb5 Rc8
15. Qf3 Qc7 16. Ba4 Nd7 17. Qe2 Nb6 18. Bb5 a4 19. Rd3 Ra8 20. a3 Ra5 21. axb4
Rxb5 22. Rc3 Qd7 23. Qd2 Rxb4 24. Rc7 Qxc7 25. Qxb4 Rc8 26. c3 a3 27. bxa3 Nd5
28. Qb3 Nxf4 0-1

[Event "11th BCC Thailand Open"]
[Site "Pattaya THA"]
[Date "2011.04.11"]
[Round "1.64"]
[White "Ilmoni, Tommy"]
[Black "Tan, Fischer"]
[Result "1-0"]
[WhiteElo "2121"]
[BlackElo "1535"]
[WhiteFideId "504297"]
[BlackFideId "5803187"]
[EventDate "2011.04.11"]

1. d4 g6 2. Nf3 d6 3. c4 Bg7 4. Nc3 Nd7 5. e4 Nf8 6. Be2 Bg4 7. O-O Ne6 8. Be3
b6 9. h3 Bxf3 10. Bxf3 Rc8 11. Nb5 c6 12. Nxa7 Rc7 13. Nxc6 Rxc6 14. d5 Rxc4 15.
Qb3 Qc8 16. dxe6 fxe6 17. Rac1 Rxc1 18. Rxc1 Qd7 19. Bg4 d5 20. exd5 Qxd5 21.
Qxd5 exd5 22. Be6 1-0

[Event "11th BCC Thailand Open"]
[Site "Pattaya THA"]
[Date "2011.04.12"]
[Round "2.1"]
[White "Vallejo Pons, Francisco"]
[Black "Arvind, Shastry"]
[Result "1-0"]
[WhiteTitle "GM"]
[WhiteElo "2707"]
[BlackElo "2297"]
[WhiteFideId "2205530"]
[BlackFideId "5008778"]
[EventDate "2011.04.11"]

1. e4 c5 2. Ne2 d6 3. g3 g6 4. Bg2 Bg7 5. c3 e6 6. d4 cxd4 7. cxd4 Ne7 8. Nbc3
O-O 9. h4 h6 10. Be3 Nbc6 11. Qd2 Kh7 12. h5 g5 13. f4 gxf4 14. gxf4 Rg8 15. Rg1
d5 16. Bf2 f5 17. e5 Bd7 18. Bh4 b5 19. Bf3 Qb6 20. Kf2 Bh8 21. Rgc1 a6 22. Nd1
Rgc8 23. Ne3 Bg7 24. Rg1 Rc7 25. Rg3 Rf8 26. Rag1 Rf7 27. Rg6 Ng8 28. Bxd5 exd5
29. Nxd5 Qa7 30. Nxc7 Qxc7 31. e6 Bxe6 32. Rxe6 Bf6 33. Bxf6 Nxf6 34. Qc2 1-0

[Event "11th BCC Thailand Open"]
[Site "Pattaya THA"]
[Date "2011.04.12"]
[Round "2.2"]
[White "Shetty, Rahul"]
[Black "Short, Nigel D"]
[Result "0-1"]
[WhiteTitle "IM"]
[BlackTitle "GM"]
[WhiteElo "2279"]
[BlackElo "2676"]
[WhiteFideId "5000513"]
[BlackFideId "400025"]
[EventDate "2011.04.11"]

1. d4 Nc6 2. Nf3 d5 3. c4 Bg4 4. Nc3 e6 5. cxd5 exd5 6. Bf4 Bd6 7. Bg3 Nge7 8.
e3 O-O 9. a3 Qd7 10. Bd3 f5 11. Bxd6 Qxd6 12. h3 Bxf3 13. Qxf3 f4 14. Qg4 Qh6
15. Nd1 Rae8 16. Rc1 Nc8 17. O-O Re7 18. Rc5 Nb6 19. b3 a6 20. Be2 Nd8 21. Bf3
c6 22. Rc3 Nd7 23. Qh5 Qd6 24. b4 Nf6 25. Qh4 Ne6 26. Bg4 Ne4 27. Rd3 Rf6 28.
Nc3 fxe3 29. Bxe6+ Rexe6 30. Rxe3 Nxc3 31. Rxc3 Re4 32. Qh5 Rxd4 33. Re1 Rdf4
34. Rc2 h6 35. Rce2 R4f5 36. Qg4 Qf4 37. Re8+ Kh7 38. R1e7 Qxf2+ 0-1

[Event "11th BCC Thailand Open"]
[Site "Pattaya THA"]
[Date "2011.04.12"]
[Round "2.3"]
[White "Gustafsson, Jan"]
[Black "Reilly, Tim"]
[Result "1-0"]
[WhiteTitle "GM"]
[BlackTitle "FM"]
[WhiteElo "2647"]
[BlackElo "2271"]
[WhiteFideId "4625498"]
[BlackFideId "3200302"]
[EventDate "2011.04.11"]

1. Nf3 g6 2. d4 d6 3. c4 f5 4. g3 Nf6 5. Bg2 Bg7 6. O-O O-O 7. Nc3 Qe8 8. Re1
Qf7 9. e4 Nxe4 10. Nxe4 fxe4 11. Rxe4 Bf5 12. Rh4 Qxc4 13. Ng5 h6 14. d5 Qa6 15.
Ne6 Bxe6 16. dxe6 g5 17. Ra4 Qb5 18. h4 Nc6 19. hxg5 hxg5 20. Rg4 Rf5 21. Be4
Raf8 22. a4 Qe5 23. Be3 Rxf2 24. Bxf2 Qxb2 25. Be3 Qxa1 26. Qxa1 Bxa1 27. Rxg5+
Bg7 28. Bxc6 1-0

[Event "11th BCC Thailand Open"]
[Site "Pattaya THA"]
[Date "2011.04.12"]
[Round "2.4"]
[White "Neubronner, Jarred"]
[Black "Hansen, Sune Berg"]
[Result "1/2-1/2"]
[WhiteTitle "CM"]
[BlackTitle "GM"]
[WhiteElo "2262"]
[BlackElo "2603"]
[WhiteFideId "5801834"]
[BlackFideId "1400266"]
[EventDate "2011.04.11"]

1. e4 c6 2. d4 d5 3. Nc3 dxe4 4. Nxe4 Bf5 5. Ng3 Bg6 6. h4 h6 7. Nf3 Nd7 8. h5
Bh7 9. Bd3 Bxd3 10. Qxd3 e6 11. Bd2 Ngf6 12. O-O-O Be7 13. Kb1 Qb6 14. c4 a5 15.
Ne4 a4 16. Nxf6+ Nxf6 17. Ne5 O-O 18. g4 Rad8 19. g5 Rxd4 20. gxf6 Rxd3 21. fxe7
Re8 22. Nxd3 Rxe7 23. Bc3 f6 24. f4 Qe3 25. Rh2 Rd7 26. Kc2 Qe4 27. b3 b5 28. c5
a3 29. Rdd2 Rd5 30. Rhe2 Qf5 31. Bb4 Kf7 32. Rh2 Qg4 33. Bxa3 Rxh5 34. Rxh5 Qxh5
35. Bb2 Qf3 36. a4 bxa4 37. bxa4 Qe4 38. Kb3 Qd5+ 39. Kb4 Qe4+ 40. Kb3 Qd5+ 41.
Kb4 Qe4+ 42. Kb3 Qd5+ 1/2-1/2

[Event "11th BCC Thailand Open"]
[Site "Pattaya THA"]
[Date "2011.04.12"]
[Round "2.5"]
[White "Bakre, Tejas"]
[Black "Steinbrecht, Ralf"]
[Result "1/2-1/2"]
[WhiteTitle "GM"]
[WhiteElo "2530"]
[BlackElo "2222"]
[WhiteFideId "5004195"]
[BlackFideId "4653785"]
[EventDate "2011.04.11"]

1. Nf3 e6 2. d4 Nf6 3. c4 c5 4. g3 d5 5. cxd5 exd5 6. Bg2 Be7 7. O-O O-O 8. Nc3
Nc6 9. dxc5 Bxc5 10. Bg5 d4 11. Na4 Be7 12. Rc1 h6 13. Bf4 Nh5 14. Bd2 Re8 15.
Ne1 Nf6 16. Nd3 Rb8 17. Re1 Be6 18. Nf4 Bf5 19. Nc5 Bxc5 20. Rxc5 Be4 21. Bh3
Qb6 22. Qc1 Rbd8 23. b3 Bh7 24. f3 Re5 25. Rc4 Rde8 26. Kf1 g5 27. Nd3 Bxd3 28.
exd3 Rxe1+ 29. Bxe1 Nd5 30. Rc5 Ne3+ 31. Kg1 Ne5 32. Rc8 Rxc8 33. Qxc8+ 1/2-1/2

[Event "11th BCC Thailand Open"]
[Site "Pattaya THA"]
[Date "2011.04.12"]
[Round "2.6"]
[White "Morris, James"]
[Black "Kunte, Abhijit"]
[Result "1/2-1/2"]
[WhiteTitle "IM"]
[BlackTitle "GM"]
[WhiteElo "2227"]
[BlackElo "2526"]
[WhiteFideId "3205800"]
[BlackFideId "5002265"]
[EventDate "2011.04.11"]

1. e4 c5 2. Nf3 e6 3. Nc3 a6 4. d4 cxd4 5. Nxd4 Qc7 6. Be2 Nf6 7. O-O d6 8. Kh1
Be7 9. f4 Nc6 10. a4 O-O 11. Nb3 b6 12. Be3 Rb8 13. Bf3 Na5 14. Nxa5 bxa5 15.
Rb1 Rb4 16. Qd3 Bb7 17. b3 Rc8 18. Bd2 Nd7 19. Ne2 Nc5 20. Qe3 Rxe4 21. Bxe4
Nxe4 22. c4 Bd8 23. Ng3 f5 24. Bc3 Rb8 25. Bd4 Qf7 26. Rbd1 Bc7 27. Ba7 Rc8 28.
Bb6 Bc6 29. Bxc7 Qxc7 30. Qd4 Qb7 31. Nxe4 Bxe4 32. Qxd6 Bxg2+ 33. Kg1 Bxf1 34.
Qxe6+ Kh8 35. Rxf1 Rf8 36. Re1 Qxb3 37. Qxf5 Qb4 38. Qe4 h6 39. Qe7 Rxf4 40.
Qxb4 axb4 41. Re6 Rxc4 1/2-1/2

[Event "11th BCC Thailand Open"]
[Site "Pattaya THA"]
[Date "2011.04.12"]
[Round "2.7"]
[White "Schebler, Gerhard"]
[Black "Mohammad Nubairshah Shaikh"]
[Result "1-0"]
[WhiteTitle "GM"]
[WhiteElo "2460"]
[BlackElo "2199"]
[WhiteFideId "4603338"]
[BlackFideId "5053196"]
[EventDate "2011.04.11"]

1. Nf3 Nf6 2. g3 d5 3. Bg2 c6 4. c4 Bf5 5. cxd5 cxd5 6. Qb3 Qc8 7. Nc3 e6 8. O-O
Nc6 9. d3 Be7 10. Bf4 O-O 11. Rac1 Qd7 12. e4 dxe4 13. dxe4 Nxe4 14. Nxe4 Bxe4
15. Ne5 Nxe5 16. Bxe4 Nc6 17. Rfd1 Qc8 18. Qa4 Rd8 19. Rxd8+ Qxd8 20. Bxc6 bxc6
21. Qxc6 Qd5 22. Qxd5 exd5 23. Be5 Bf6 24. Bxf6 gxf6 25. Rc5 Rd8 26. Kf1 Kg7 27.
Ke2 h5 28. Kd3 Kg6 29. b4 h4 30. gxh4 Rh8 31. Rxd5 Rxh4 32. Kc3 Rh3+ 33. Kc4
Rxh2 34. Rd2 a6 35. a4 Kf5 36. b5 axb5+ 37. axb5 Rh1 38. Rb2 Ke5 39. b6 Rc1+ 40.
Kb5 Kd6 41. Rd2+ Ke6 42. b7 Rb1+ 43. Kc6 Rc1+ 44. Kb6 Rb1+ 45. Kc7 Rc1+ 46. Kb8
Rb1 47. Rd4 Ke7 48. Kc7 Rc1+ 49. Kb6 Rb1+ 50. Kc6 Rb2 51. Rd5 Ke6 52. Rb5 Rc2+
53. Kb6 1-0

[Event "11th BCC Thailand Open"]
[Site "Pattaya THA"]
[Date "2011.04.12"]
[Round "2.8"]
[White "Lim, Hoon Cheng"]
[Black "Murshed, Niaz"]
[Result "0-1"]
[WhiteTitle "FM"]
[BlackTitle "GM"]
[WhiteElo "2209"]
[BlackElo "2455"]
[WhiteFideId "5800102"]
[BlackFideId "10200010"]
[EventDate "2011.04.11"]

1. e4 e6 2. d4 d5 3. Nd2 dxe4 4. Nxe4 Bd7 5. Nf3 Bc6 6. Bd3 Nd7 7. O-O Ngf6 8.
Ng3 Be7 9. c4 Bxf3 10. Qxf3 c6 11. b3 O-O 12. Bb2 Re8 13. Rfe1 Bf8 14. Rad1 Qa5
15. a3 Qb6 16. Bc2 Qc7 17. Ne4 Nxe4 18. Rxe4 g6 19. Rde1 Bg7 20. Bc3 Red8 21.
R4e2 Nf8 22. Rd1 Rd7 23. Qe3 Rad8 24. Red2 h5 25. g3 Nh7 26. Bxg6 fxg6 27. Qxe6+
Kh8 28. Qxg6 h4 29. b4 Re7 30. Qh5 hxg3 31. hxg3 Qd7 32. Rd3 Qe8 33. Qh3 Kg8 34.
Kg2 Qg6 35. Qh4 Bf6 36. Qf4 Bg5 37. Qg4 Nf6 38. Qf3 Rf8 39. Rh1 Ref7 40. Qe2 Ne4
41. f3 Nxg3 42. d5 Bf6 0-1

[Event "11th BCC Thailand Open"]
[Site "Pattaya THA"]
[Date "2011.04.12"]
[Round "2.9"]
[White "Sriram, Jha"]
[Black "Doostkam, P"]
[Result "1-0"]
[WhiteTitle "GM"]
[WhiteElo "2442"]
[BlackElo "2210"]
[WhiteFideId "5001668"]
[BlackFideId "12501824"]
[EventDate "2011.04.11"]

1. d4 e6 2. c4 d5 3. Nc3 Nf6 4. cxd5 exd5 5. Bg5 Nbd7 6. e3 Bb4 7. Bd3 c5 8. Ne2
c4 9. Bf5 Qa5 10. O-O O-O 11. a3 Be7 12. Qc2 Rd8 13. Bxh7+ Kf8 14. Bf5 Ng8 15.
Bf4 g6 16. Bh3 Ndf6 17. Bxc8 Raxc8 18. f3 Nh5 19. Be5 Bg5 20. f4 Be7 21. g4 1-0

[Event "11th BCC Thailand Open"]
[Site "Pattaya THA"]
[Date "2011.04.12"]
[Round "2.10"]
[White "Vospernik, Andrej"]
[Black "Sklyarov, Dmitry V."]
[Result "0-1"]
[BlackTitle "FM"]
[WhiteElo "2205"]
[BlackElo "2415"]
[WhiteFideId "14601281"]
[BlackFideId "4157052"]
[EventDate "2011.04.11"]

1. e4 Nf6 2. Bc4 Nxe4 3. Bxf7+ Kxf7 4. Qh5+ Kg8 5. Qd5+ e6 6. Qxe4 d5 7. Qe2 Nc6
8. Nf3 e5 9. Nxe5 Nd4 10. Qh5 g6 11. Nxg6 hxg6 12. Qd1 Qg5 13. Kf1 Bg4 14. f3
Nxf3 15. gxf3 Bh3+ 16. Ke2 Qe5+ 0-1

[Event "11th BCC Thailand Open"]
[Site "Pattaya THA"]
[Date "2011.04.12"]
[Round "2.11"]
[White "Stokke, Kjetil"]
[Black "Michalet, Guy"]
[Result "1-0"]
[WhiteTitle "FM"]
[WhiteElo "2407"]
[BlackElo "2183"]
[WhiteFideId "1502964"]
[BlackFideId "603139"]
[EventDate "2011.04.11"]

1. Nf3 Nc6 2. d4 d6 3. e4 Nf6 4. Nc3 a6 5. Be2 Bg4 6. Be3 e5 7. d5 Ne7 8. h3 Bd7
9. Nd2 Ng6 10. g3 Be7 11. a4 h6 12. a5 Qc8 13. Bf1 Nh7 14. h4 O-O 15. Bg2 f5 16.
exf5 Bxf5 17. Nde4 Nf6 18. Nxf6+ Bxf6 19. Ra4 e4 20. Nxe4 Bxb2 21. O-O Be5 22.
Rc4 Qd7 23. f4 Bf6 24. Nf2 Qb5 25. Rxc7 Bd8 26. Rc3 Bxa5 27. Rb3 Qc4 28. Rxb7
Qxc2 29. Qd4 Bc3 30. Rxg7+ Kh8 31. Rxg6+ Bxd4 32. Bxd4+ Kh7 33. Rg7+ Kh8 34.
Rc7+ Kg8 35. Rxc2 Bxc2 36. Bh3 Bf5 37. g4 Bd7 38. Ne4 Rfd8 39. Nf6+ Kf7 40. Nxd7
Rxd7 41. g5 Rdd8 42. f5 1-0

[Event "11th BCC Thailand Open"]
[Site "Pattaya THA"]
[Date "2011.04.12"]
[Round "2.12"]
[White "Romanov, Alexei"]
[Black "Andersson, Christin"]
[Result "1/2-1/2"]
[WhiteTitle "IM"]
[BlackTitle "WIM"]
[WhiteElo "2401"]
[BlackElo "2163"]
[WhiteFideId "4173716"]
[BlackFideId "1702947"]
[EventDate "2011.04.11"]

1. e4 e5 2. Nf3 d6 3. d4 exd4 4. Nxd4 Nf6 5. Nc3 Be7 6. Be2 O-O 7. g4 d5 8. e5
Ne4 9. Nxe4 dxe4 10. Nf5 Nc6 11. Bf4 Bxf5 12. gxf5 Bh4 13. Rg1 Re8 14. f6 Nxe5
15. Rxg7+ Kh8 16. Qxd8 Raxd8 17. Bxe5 Rxe5 18. Rd1 Rxd1+ 19. Kxd1 Rd5+ 20. Ke1
Bxf6 21. Rxf7 Bxb2 22. Rxc7 Bd4 23. Re7 Rf5 24. Rxe4 Bxf2+ 25. Kd2 Bc5 26. h4 1/2-1/2

[Event "11th BCC Thailand Open"]
[Site "Pattaya THA"]
[Date "2011.04.12"]
[Round "2.13"]
[White "Osmolny, Vladimir I."]
[Black "Yang, Kaiqi"]
[Result "0-1"]
[WhiteTitle "FM"]
[BlackTitle "IM"]
[WhiteElo "2200"]
[BlackElo "2399"]
[WhiteFideId "24137049"]
[BlackFideId "8604398"]
[EventDate "2011.04.11"]

1. Nf3 Nf6 2. g3 g6 3. b3 Bg7 4. Bb2 O-O 5. Bg2 d6 6. d4 c6 7. O-O Nbd7 8. h3
Re8 9. Nc3 Qc7 10. Ne1 e5 11. dxe5 dxe5 12. Qd2 Nc5 13. b4 Ne6 14. e3 Rd8 15.
Qe2 Qd6 16. Nb1 Qxb4 17. Bxe5 Ng5 18. h4 Nh3+ 19. Bxh3 Bxh3 20. Bc3 Qe7 21. Ng2
Ne4 22. Bxg7 Kxg7 23. Nd2 Nc3 24. Qf3 h5 25. e4 Qe5 26. Qe3 Qd4 27. Nb3 Qxe3 28.
fxe3 Na4 0-1

[Event "11th BCC Thailand Open"]
[Site "Pattaya THA"]
[Date "2011.04.12"]
[Round "2.14"]
[White "Saptarshi, Roy"]
[Black "Rinquest, Ted"]
[Result "1-0"]
[WhiteTitle "IM"]
[WhiteElo "2395"]
[BlackElo "2138"]
[WhiteFideId "5008980"]
[BlackFideId "2011840"]
[EventDate "2011.04.11"]

1. e4 e5 2. Nf3 Nc6 3. Bb5 a6 4. Ba4 Nf6 5. O-O Be7 6. Re1 b5 7. Bb3 O-O 8. d4
Nxd4 9. Nxd4 exd4 10. e5 Ne8 11. c3 dxc3 12. Nxc3 Bb7 13. Qh5 d5 14. Bf4 g6 15.
Qh6 Ng7 16. Rad1 c6 17. Ne4 Nf5 18. Qh3 Bc8 19. Qc3 Bd7 20. Qd2 Ng7 21. Bh6 Re8
22. Nd6 Bxd6 23. exd6 Re6 24. Rxe6 Nxe6 25. f4 Qf6 26. Qe3 Re8 27. Qa7 Qd8 28.
f5 Ng7 29. f6 Nf5 30. Bf4 Bc8 31. Qc7 Qxc7 32. dxc7 d4 33. Rc1 Bb7 34. a4 d3 35.
axb5 axb5 36. Bd1 Nd4 37. Kf1 Ne6 38. Bd6 Rc8 39. Bg4 h5 40. Bh3 g5 41. Bf5 c5
42. Bxd3 Nxc7 43. Rxc5 Ne6 44. Rxc8+ Bxc8 45. Bxb5 Kh7 46. Bd3+ Kh6 47. h3 Nf4
48. Bf8# 1-0

[Event "11th BCC Thailand Open"]
[Site "Pattaya THA"]
[Date "2011.04.12"]
[Round "2.15"]
[White "Mariano, Nelson III"]
[Black "Willemze, Thomas"]
[Result "1-0"]
[BlackTitle "IM"]
[WhiteElo "2197"]
[BlackElo "2390"]
[WhiteFideId "5201748"]
[BlackFideId "1007238"]
[EventDate "2011.04.11"]

1. e4 e6 2. d4 d5 3. exd5 exd5 4. c4 Nf6 5. Nc3 Bb4 6. Nf3 O-O 7. Bd3 Bg4 8. O-O
Nc6 9. Be3 dxc4 10. Bxc4 Bxc3 11. bxc3 Ne4 12. Rc1 Nd6 13. Be2 b5 14. h3 Bh5 15.
Qb3 Na5 16. Qb4 Nac4 17. Bxc4 Bxf3 18. Bd3 Bd5 19. Bf4 Rb8 20. Qc5 Bxa2 21. Ra1
Bc4 22. Bxc4 bxc4 23. Rxa7 Rc8 24. Re1 h6 25. Qd5 Qf6 26. Bxd6 cxd6 27. Re3 Rb8
28. Rf3 Qe6 29. Rfxf7 Qxf7 30. Rxf7 Rxf7 31. Qxd6 Rb1+ 32. Kh2 Rc1 33. Qb8+ Rf8
34. Qb2 Re1 35. Qb7 Rxf2 36. Qc8+ Kh7 37. Qxc4 Rd2 38. Qd5 Red1 39. Qf5+ Kh8 40.
Qf8+ Kh7 41. Kg3 Rc1 42. Kh2 Rdc2 43. Qf5+ Kh8 44. Qf8+ Kh7 45. d5 Rxc3 46. Qb4
Rc4 47. Qd2 Rc8 48. d6 Ra1 49. Qd4 Raa8 50. Qe4+ Kh8 51. d7 Rf8 52. Qe7 Kg8 53.
Kg3 Rab8 54. Kg4 Ra8 55. Qe6+ Kh8 56. Qe7 Kg8 57. Kh4 Rab8 58. g4 Kh8 59. Qd6
Kg8 60. Qc7 Ra8 61. Kh5 Kh7 62. Qc2+ Kh8 63. h4 Rf7 64. Qc8+ Kh7 65. Qc2+ Kh8
66. Qe4 Rg8 67. Qe8 Rff8 68. Qe7 Ra8 69. g5 hxg5 70. hxg5 Rab8 1-0

[Event "11th BCC Thailand Open"]
[Site "Pattaya THA"]
[Date "2011.04.12"]
[Round "2.16"]
[White "Zaw Win Lay"]
[Black "Nath, Rupankar"]
[Result "1-0"]
[WhiteTitle "GM"]
[WhiteElo "2382"]
[BlackElo "2131"]
[WhiteFideId "13000098"]
[BlackFideId "5006724"]
[EventDate "2011.04.11"]

1. e4 e6 2. d4 d5 3. Nd2 Nf6 4. Bd3 c5 5. e5 Nfd7 6. c3 Nc6 7. Ne2 Qb6 8. Nf3
cxd4 9. cxd4 f6 10. exf6 Nxf6 11. O-O Bd6 12. Bd2 O-O 13. Bc3 Bd7 14. Ng3 Rae8
15. Ne5 Re7 16. Rc1 Be8 17. Kh1 Nb4 18. Bb1 Bb5 19. Re1 Nd7 20. Qh5 g6 21. Nxg6
hxg6 22. Qxg6+ Rg7 23. Qxe6+ Rff7 24. Nf5 Bf8 25. Nh6+ 1-0

[Event "11th BCC Thailand Open"]
[Site "Pattaya THA"]
[Date "2011.04.12"]
[Round "2.17"]
[White "Hopman, Pieter"]
[Black "Ilmoni, Tommy"]
[Result "1-0"]
[WhiteElo "2365"]
[BlackElo "2121"]
[WhiteFideId "1005669"]
[BlackFideId "504297"]
[EventDate "2011.04.11"]

1. d4 Nf6 2. c4 e5 3. dxe5 Ng4 4. Bf4 Bb4+ 5. Nd2 Nc6 6. Nf3 Qe7 7. e3 Ngxe5 8.
Nxe5 Nxe5 9. Be2 d6 10. O-O Bxd2 11. Qxd2 O-O 12. Rfc1 b6 13. b4 Bb7 14. Qc3 Nd7
15. a3 f5 16. Re1 h6 17. Bg3 Qf6 18. Qb3 Kh7 19. Rac1 a5 20. c5 a4 21. Qd1 bxc5
22. Bb5 Nb6 23. bxc5 dxc5 24. Rxc5 c6 25. Bd3 Nd5 26. Qc2 g6 27. h3 Ne7 28. Be5
Qe6 29. Rb1 Bc8 30. Ba1 Bd7 31. Rb7 Rf7 32. Qc3 Nd5 33. Qd4 Qd6 34. Bc4 Rb8 35.
Bxd5 1-0